|
|
|
|
| LEADER |
00000nab a2200000 ar4500 |
| 001 |
vtls009177489 |
| 003 |
SK-MaSNL |
| 005 |
20260304213524.0 |
| 008 |
080124c2005 xo |||||||||||000 b|slo |
| 015 |
|
|
|a SNBRA2008/01
|2 snkbucl
|
| 038 |
|
|
|a SNKBUCL
|
| 040 |
|
|
|a SNKBUCL
|b slo
|c SNKBUCL
|e AACR2
|
| 041 |
0 |
|
|a slo
|b slo
|b eng
|
| 044 |
|
|
|a xo
|c SK
|
| 080 |
|
|
|a 539.18:530.145
|2 2001
|
| 080 |
|
|
|a 530.145
|2 2001
|
| 100 |
1 |
|
|a Kmeť, Igor
|4 aut
|9 8218
|
| 245 |
1 |
0 |
|a Sommerfeldove kvantovacie podmienky
|c Igor Kmeť, Ľuboš Krišťák
|
| 504 |
|
|
|a Bibliogr. odkazy
|
| 546 |
|
|
|a Res. angl., slov.
|
| 650 |
0 |
7 |
|a jadrová fyzika
|2 SNKPH
|9 817
|
| 650 |
0 |
7 |
|a Sommerfeldova teória
|2 snkbucl
|9 1546545
|
| 650 |
0 |
7 |
|a kvantovacie podmienky
|2 snkbucl
|9 1546546
|
| 650 |
0 |
7 |
|a eliptické dráhy
|2 snkbucl
|9 1546547
|
| 650 |
0 |
7 |
|a atómy
|2 SNKPH
|9 80811
|
| 700 |
1 |
|
|a Krišťák, Ľuboš,
|d 1980-
|4 aut
|9 171807
|
| 773 |
0 |
|
|t Acta Universitatis Matthiae Belii. Séria fyzika VII/2005
|d Banská Bystrica : Univerzita Mateja Bela, 2005
|g S. 63-67
|z 8080831505
|
| 852 |
|
|
|a SNK
|b KIS3GCP
|
| 958 |
|
|
|a NB
|
| 999 |
|
|
|c 3136293
|d 3138223
|